[Event "Stare Mesto OPEN"]
[Site "?"]
[Date "2004.08.20"]
[Round "9.2"]
[White "Plachetka, Jan"]
[Black "Rat, Dan Ovidiu"]
[Result "1-0"]
[WhiteElo "2435"]
[BlackElo "2306"]
[PlyCount "73"]
[EventDate "2004.??.??"]
[SourceDate "2004.08.20"]

1. e4 g6 2. d4 c6 3. Nc3 d5 4. h3 Bg7 5. Nf3 Nh6 6. Bd3 f6 7. exd5 cxd5 8. Ne2
O-O 9. c4 Nc6 10. cxd5 Nb4 11. Nf4 Nxd3+ 12. Qxd3 Qd6 13. Qb3 a5 14. a4 g5 15.
Ne6 Bxe6 16. dxe6 Ra6 17. O-O Rb6 18. Qc3 Qd5 19. Qc5 Qxc5 20. dxc5 Rxe6 21.
Nd4 Ra6 22. Bd2 f5 23. Bc3 Rc8 24. Rfe1 Bf6 25. Rad1 Kf7 26. Nb5 Rxc5 27. Rd7
Ng8 28. Rxb7 h5 29. Nd4 Rd5 30. Nf3 g4 31. Ne5+ Kg7 32. f4 gxf3 33. gxf3 f4 34.
Kh1 Re6 35. Rg1+ Kh7 36. Ng6 Re2 37. Nxf4 1-0

[Event "Stare Mesto OPEN"]
[Site "?"]
[Date "2004.08.20"]
[Round "9.3"]
[White "Klima, Lukas"]
[Black "Dochev, Dimitar"]
[Result "1/2-1/2"]
[WhiteElo "2432"]
[BlackElo "2353"]
[PlyCount "61"]
[EventDate "2004.??.??"]
[SourceDate "2004.08.20"]

1. e4 e6 2. d4 d5 3. Nd2 Be7 4. Bd3 c5 5. dxc5 Nf6 6. Qe2 O-O 7. Ngf3 a5 8. O-O
Na6 9. exd5 exd5 10. Nb3 a4 11. Nbd4 Nxc5 12. Nf5 Bxf5 13. Bxf5 Nfe4 14. Be3
Bf6 15. Rad1 a3 16. Bxc5 Nxc5 17. b3 g6 18. Bd3 Re8 19. Qd2 Ne4 20. Bxe4 dxe4
21. Nd4 Qxd4 22. Qxd4 Bxd4 23. Rxd4 b5 24. Rfd1 Rac8 25. R1d2 Rc3 26. g4 Rec8
27. Rxe4 Rxc2 28. Ree2 Rxd2 29. Rxd2 Rc1+ 30. Kg2 Kg7 31. Rd5 1/2-1/2

[Event "Stare Mesto OPEN"]
[Site "?"]
[Date "2004.08.20"]
[Round "9.4"]
[White "Jurkiewicz, Krzysztof"]
[Black "Sosna, Jan"]
[Result "1-0"]
[WhiteElo "2290"]
[BlackElo "2422"]
[PlyCount "69"]
[EventDate "2004.??.??"]
[SourceDate "2004.08.20"]

1. c4 e6 2. g3 d5 3. Bg2 c6 4. Qc2 Nf6 5. Nf3 b5 6. d3 bxc4 7. dxc4 Be7 8. O-O
O-O 9. b3 a5 10. Nc3 Ba6 11. Rd1 Nbd7 12. Na4 Nb6 13. Nxb6 Qxb6 14. Be3 Bc5 15.
Bxc5 Qxc5 16. Ne5 Rfc8 17. Rac1 Qa3 18. g4 Qe7 19. h3 Ne8 20. Nd3 h5 21. Qd2
hxg4 22. hxg4 a4 23. Qe3 Qa3 24. Nc5 Qxa2 25. Ra1 Qc2 26. Rdc1 Qb2 27. Nxa4 Qf6
28. Nb6 Nc7 29. Nxa8 Rxa8 30. Qb6 Qf4 31. e3 Qe5 32. cxd5 Nxd5 33. Qxc6 Rc8 34.
Qxa6 Rxc1+ 35. Rxc1 1-0

[Event "Stare Mesto OPEN"]
[Site "?"]
[Date "2004.08.20"]
[Round "9.5"]
[White "Kireev, Alexei"]
[Black "Havranek, Miroslav"]
[Result "1-0"]
[WhiteElo "2358"]
[BlackElo "2238"]
[PlyCount "67"]
[EventDate "2004.??.??"]
[SourceDate "2004.08.20"]

1. d4 Nf6 2. Bg5 e6 3. e3 d5 4. Nd2 Be7 5. Bd3 h6 6. Bh4 c6 7. c3 Nbd7 8. f4 b6
9. Ngf3 Bb7 10. O-O c5 11. Ne5 Qc7 12. Qe2 a6 13. a3 Ne4 14. Bxe7 Nxd2 15. Qxd2
Nxe5 16. fxe5 Qxe7 17. Qf2 Bc6 18. Qg3 Qg5 19. Qf3 O-O 20. Qh3 Bb5 21. Bxb5
axb5 22. Rf3 Kh7 23. Raf1 Qg6 24. Qh4 Ra7 25. Rg3 Qc2 26. Qg4 Rg8 27. h4 cxd4
28. cxd4 Kh8 29. Qh5 Rf8 30. Kh2 Rc7 31. Rf6 Qh7 32. Qf3 Qe4 33. Rxh6+ Kg8 34.
Rxg7+ 1-0

[Event "Stare Mesto OPEN"]
[Site "?"]
[Date "2004.08.20"]
[Round "9.6"]
[White "Kempinski, Tomasz"]
[Black "Zpevak, Pavel"]
[Result "1/2-1/2"]
[WhiteElo "2151"]
[BlackElo "2355"]
[PlyCount "30"]
[EventDate "2004.??.??"]
[SourceDate "2004.08.20"]

1. e4 c5 2. Nf3 e6 3. d3 Nc6 4. g3 d5 5. Nbd2 Nf6 6. Bg2 b6 7. O-O Bb7 8. Re1
Be7 9. c3 Qc7 10. Nf1 h6 11. h4 O-O-O 12. Qa4 Kb8 13. Bf4 e5 14. Nxe5 Nxe5 15.
d4 Nxe4 1/2-1/2

[Event "Stare Mesto OPEN"]
[Site "?"]
[Date "2004.08.20"]
[Round "9.7"]
[White "Hausner, Ivan"]
[Black "Dauth, Benjamin"]
[Result "1/2-1/2"]
[WhiteElo "2419"]
[BlackElo "2271"]
[PlyCount "39"]
[EventDate "2004.??.??"]
[SourceDate "2004.08.20"]

1. c4 f5 2. g3 Nf6 3. Bg2 e5 4. Nc3 Be7 5. e3 O-O 6. Nge2 c6 7. d4 d6 8. O-O
Qe8 9. b3 Qh5 10. Ba3 e4 11. d5 c5 12. Nf4 Qh6 13. Rc1 Nbd7 14. Bb2 a6 15. Ne6
Rf7 16. Ne2 Ng4 17. h3 Nge5 18. N2f4 g5 19. Qh5 Qxh5 20. Nxh5 1/2-1/2

[Event "Stare Mesto OPEN"]
[Site "?"]
[Date "2004.08.20"]
[Round "9.8"]
[White "Schultz, Joern"]
[Black "Maryasin, Boris"]
[Result "1/2-1/2"]
[WhiteElo "2266"]
[BlackElo "2394"]
[PlyCount "75"]
[EventDate "2004.??.??"]
[SourceDate "2004.08.20"]

1. d4 Nf6 2. c4 g6 3. Nc3 Bg7 4. Nf3 O-O 5. g3 d6 6. Bg2 Nc6 7. d5 Na5 8. Nd2
c5 9. Qc2 a6 10. a3 Qc7 11. O-O Bd7 12. b3 b5 13. Bb2 Rab8 14. Rab1 e5 15. dxe6
fxe6 16. Nce4 Bc6 17. Nxf6+ Bxf6 18. Bxf6 Rxf6 19. Ne4 Rff8 20. Qc3 Bxe4 21.
Bxe4 b4 22. axb4 Rxb4 23. Ra1 Qb6 24. Bc2 Nc6 25. e3 d5 26. cxd5 exd5 27. Qd3
Rd8 28. Rxa6 Qb7 29. Ra3 Ne5 30. Qa6 Nf3+ 31. Kg2 Qf7 32. Qe2 Rf8 33. Bd1 Qe6
34. Qa6 Qxa6 35. Rxa6 Nd2 36. Re1 Nxb3 37. Bxb3 Rxb3 38. Ra2 1/2-1/2

[Event "Stare Mesto OPEN"]
[Site "?"]
[Date "2004.08.20"]
[Round "9.9"]
[White "Bazant, Petr jr"]
[Black "Neumeier, Lars"]
[Result "1/2-1/2"]
[WhiteElo "2384"]
[BlackElo "2254"]
[PlyCount "131"]
[EventDate "2004.??.??"]
[SourceDate "2004.08.20"]

1. e4 c5 2. Nf3 e6 3. c3 d5 4. exd5 Qxd5 5. d4 Nf6 6. Na3 Qd8 7. Nc4 Be7 8. Be2
O-O 9. O-O Nc6 10. dxc5 Bxc5 11. Qc2 b5 12. Be3 Be7 13. Nce5 Nxe5 14. Nxe5 Bb7
15. Qb3 a6 16. Bf3 Nd5 17. Rfe1 Qc7 18. Bd4 Bd6 19. a4 bxa4 20. Rxa4 Rab8 21.
Rc4 Qe7 22. Qa4 Rbc8 23. Nc6 Qd7 24. Na5 Qxa4 25. Rxa4 Ba8 26. c4 Bb4 27. Rc1
Bd2 28. Rd1 Bxa5 29. cxd5 Bc7 30. dxe6 Bxf3 31. gxf3 fxe6 32. Rxa6 Rcd8 33.
Rxe6 Rf7 34. Rc1 Bxh2+ 35. Kxh2 Rxd4 36. Rc8+ Rf8 37. Rxf8+ Kxf8 38. Rb6 Kf7
39. Kg3 g5 40. b3 Kg7 41. Kg2 h5 42. Kf1 Rf4 43. Kg2 Rd4 44. Rb5 Kg6 45. Rb8
Rf4 46. Kg3 Kg7 47. b4 Kh7 48. b5 Rb4 49. b6 Rb3 50. Rb7+ Kg6 51. Kg2 Kh6 52.
Rb8 Kh7 53. Kg3 Kg7 54. b7 Kh7 55. Kg2 Kg7 56. Kf1 Rb1+ 57. Kg2 Rb3 58. Kh2 Kh7
59. f4 gxf4 60. f3 Kg7 61. Kg2 Kh7 62. Rf8 Rxb7 63. Rxf4 Kg6 64. Rc4 Kf5 65.
Rc5+ Kf4 66. Rc4+ 1/2-1/2

[Event "Stare Mesto OPEN"]
[Site "?"]
[Date "2004.08.20"]
[Round "9.10"]
[White "Karlik, Vladimir"]
[Black "Ozeren, Kemal"]
[Result "1/2-1/2"]
[WhiteElo "2348"]
[BlackElo "2228"]
[PlyCount "51"]
[EventDate "2004.??.??"]
[SourceDate "2004.08.20"]

1. d4 d5 2. Bf4 Nf6 3. e3 c5 4. c3 Nc6 5. Nd2 Qb6 6. Qb3 c4 7. Qc2 Bg4 8. Ngf3
e6 9. Be2 Bf5 10. Qc1 h6 11. h3 Qd8 12. O-O Be7 13. b4 a5 14. b5 Na7 15. a4 O-O
16. Bd1 Bd3 17. Re1 Nc8 18. Bc2 Bxc2 19. Qxc2 Bd6 20. Ne5 Qc7 21. Bh2 Nd7 22.
f4 f5 23. Kh1 Bxe5 24. fxe5 g6 25. Rg1 Ne7 26. Nf3 1/2-1/2

[Event "Stare Mesto OPEN"]
[Site "?"]
[Date "2004.08.20"]
[Round "9.11"]
[White "Blumel, Otto"]
[Black "Kantorik, Marian"]
[Result "1/2-1/2"]
[WhiteElo "2244"]
[BlackElo "2331"]
[PlyCount "39"]
[EventDate "2004.??.??"]
[SourceDate "2004.08.20"]

1. e4 Nf6 2. Nc3 d5 3. d4 dxe4 4. f3 exf3 5. Nxf3 Bg4 6. Bc4 e6 7. O-O Be7 8.
h3 Bh5 9. g4 Bg6 10. Qe2 Nc6 11. Be3 O-O 12. Rad1 Nd5 13. Bc1 a6 14. Ne4 b5 15.
Bb3 Na5 16. Ne5 Nxb3 17. axb3 Bxe4 18. Qxe4 Bd6 19. c4 Ne7 20. Nxf7 1/2-1/2

[Event "Stare Mesto OPEN"]
[Site "?"]
[Date "2004.08.20"]
[Round "9.12"]
[White "Symbor, Przemyslaw"]
[Black "Kotan, Ladislav"]
[Result "1/2-1/2"]
[WhiteElo "2243"]
[BlackElo "2325"]
[PlyCount "85"]
[EventDate "2004.??.??"]
[SourceDate "2004.08.20"]

1. c4 e6 2. Nf3 d5 3. g3 c6 4. Qc2 Nf6 5. Bg2 Be7 6. O-O O-O 7. d4 Nbd7 8. Nbd2
b5 9. b3 a5 10. e4 bxc4 11. bxc4 Ba6 12. Re1 dxc4 13. Nxc4 Bb4 14. Bd2 c5 15.
Bxb4 cxb4 16. Nd6 Ne8 17. Nxe8 Rxe8 18. a3 Nf6 19. axb4 axb4 20. Qb2 Bb7 21.
Nd2 Qe7 22. Rab1 Ra4 23. Nc4 Qc7 24. Qb3 Rea8 25. Nb2 Ra2 26. Qxb4 h5 27. Nd1
Bc6 28. Nc3 R2a5 29. Qb6 Qd7 30. Red1 Ra3 31. Qb4 Rxc3 32. Qxc3 Bxe4 33. Bxe4
Nxe4 34. Qf3 Qd5 35. Rb2 Rc8 36. Re1 f5 37. Qb3 Rc4 38. Qb8+ Kh7 39. Qe5 Qc6
40. Qb5 Qxb5 41. Rxb5 Rxd4 42. Re5 Ng5 43. Rxe6 1/2-1/2

[Event "Stare Mesto OPEN"]
[Site "?"]
[Date "2004.08.20"]
[Round "9.13"]
[White "Lasinskas, Povilas"]
[Black "Rachela, Milan"]
[Result "1-0"]
[WhiteElo "2234"]
[BlackElo "2308"]
[PlyCount "67"]
[EventDate "2004.??.??"]
[SourceDate "2004.08.20"]

1. d4 Nf6 2. c4 c5 3. d5 b5 4. Nf3 bxc4 5. Nc3 e6 6. e4 exd5 7. e5 d4 8. exf6
d5 9. Nxd4 cxd4 10. Qxd4 Bb4 11. Bxc4 O-O 12. Bd3 Nc6 13. Qh4 Re8+ 14. Kf1 g6
15. Bg5 a5 16. Kg1 d4 17. Ne4 Qd5 18. a3 Bf8 19. Bh6 Re5 20. Bxf8 Rh5 21. Qf4
Kxf8 22. Rc1 Ne5 23. Rc5 Qe6 24. Be2 Nd7 25. Rxh5 gxh5 26. h3 Bb7 27. Nd6 Nxf6
28. Nxb7 Rc8 29. Bd3 Rc6 30. Nd8 Qd6 31. Qh6+ Ke7 32. Nxc6+ Qxc6 33. Bf1 Qb6
34. Kh2 1-0

[Event "Stare Mesto OPEN"]
[Site "?"]
[Date "2004.08.20"]
[Round "9.14"]
[White "Mojzis, Jaroslav"]
[Black "Weglarz, Leszek"]
[Result "0-1"]
[WhiteElo "2217"]
[BlackElo "2305"]
[PlyCount "79"]
[EventDate "2004.??.??"]
[SourceDate "2004.08.20"]

1. Nf3 d5 2. d4 e6 3. c4 Nf6 4. Nc3 a6 5. Bg5 dxc4 6. e3 c5 7. dxc5 Qxd1+ 8.
Rxd1 Bxc5 9. Bxc4 b5 10. Bd3 Bb7 11. Ne4 Nbd7 12. Nxc5 Nxc5 13. Be2 Na4 14. Rb1
Be4 15. Rc1 Nxb2 16. O-O O-O 17. Ne5 Rfc8 18. f3 Bd5 19. e4 Bc4 20. Nxc4 Nxc4
21. a4 h6 22. axb5 axb5 23. Bxf6 gxf6 24. Rfd1 Na3 25. Rxc8+ Rxc8 26. Rd2 b4
27. Kf2 Rc2 28. Ke1 Rc1+ 29. Rd1 Rc8 30. Bd3 Kf8 31. Rd2 Ke7 32. Rb2 Rb8 33.
Kd2 Kd6 34. Kc1 Kc5 35. Rd2 Rd8 36. Rd1 b3 37. Kb2 Kb4 38. Ka1 Kc3 39. Rc1+
Nc2+ 40. Bxc2 0-1

[Event "Stare Mesto OPEN"]
[Site "?"]
[Date "2004.08.20"]
[Round "9.15"]
[White "Savage, Ben D"]
[Black "Vrana, Frantisek"]
[Result "1-0"]
[WhiteElo "2204"]
[BlackElo "2275"]
[PlyCount "89"]
[EventDate "2004.??.??"]
[SourceDate "2004.08.20"]

1. d4 f5 2. Nc3 d5 3. Bf4 Nf6 4. e3 g6 5. Nb5 Na6 6. c4 c6 7. Nc3 Nc7 8. Qc2
Be6 9. c5 Bg7 10. Be2 O-O 11. h4 h6 12. Be5 Nce8 13. Nh3 Nd7 14. f4 Nef6 15. h5
gxh5 16. Ng1 Qe8 17. Nf3 Ng4 18. Kd2 Ndf6 19. Bxf6 Bxf6 20. Raf1 b6 21. Nd1 Rb8
22. Bd3 Qg6 23. cxb6 Rxb6 24. Nc3 Bg7 25. Na4 Rb4 26. b3 Bc8 27. Nc5 e6 28. Qc3
Rb8 29. Qa5 Qf7 30. Ke2 Kh8 31. Rh3 Bf6 32. Rfh1 h4 33. Nxh4 Bxh4 34. Rxh4 Qg7
35. Qe1 Rf6 36. R1h3 Qc7 37. Qh1 Kg7 38. Rg3 Qa5 39. a4 Rg6 40. Rgxg4 Rxg4 41.
Rxh6 Kf8 42. Rh8+ Rg8 43. Qh6+ Kf7 44. Rh7+ Ke8 45. Qf6 1-0

[Event "Stare Mesto OPEN"]
[Site "?"]
[Date "2004.08.20"]
[Round "9.16"]
[White "Bugalski, Michal"]
[Black "Vyskocil, Neklan"]
[Result "1/2-1/2"]
[WhiteElo "2216"]
[BlackElo "2305"]
[PlyCount "83"]
[EventDate "2004.??.??"]
[SourceDate "2004.08.20"]

1. e4 d5 2. exd5 Qxd5 3. Nc3 Qd6 4. d4 Nf6 5. Bd3 a6 6. Nge2 Bg4 7. f3 Bd7 8.
Bf4 Qb6 9. O-O e6 10. Kh1 Bd6 11. Qd2 Nc6 12. Bxd6 cxd6 13. a3 O-O 14. Ne4 Nxe4
15. Bxe4 d5 16. Bd3 Rac8 17. Qf4 h6 18. Rfe1 Ne7 19. c3 Bb5 20. Bc2 Bxe2 21.
Rxe2 Nc6 22. Rae1 Qd8 23. Qe3 Qf6 24. Qd3 g6 25. f4 Kg7 26. Qg3 b5 27. h4 h5
28. Rf2 Kh7 29. Qh3 Ne7 30. g4 hxg4 31. Qxg4 Rh8 32. Rh2 Kg7 33. h5 Rh6 34.
Ree2 Rch8 35. hxg6 Nxg6 36. f5 Rxh2+ 37. Rxh2 Rxh2+ 38. Kxh2 Qh4+ 39. Qxh4 Nxh4
40. fxe6 fxe6 41. Kg3 Nf5+ 42. Kf4 1/2-1/2

[Event "Stare Mesto OPEN"]
[Site "?"]
[Date "2004.08.20"]
[Round "9.17"]
[White "Mudrak, Josef"]
[Black "Vavruska, Antonin"]
[Result "1-0"]
[WhiteElo "2353"]
[BlackElo "2169"]
[PlyCount "61"]
[EventDate "2004.??.??"]
[SourceDate "2004.08.20"]

1. d4 d5 2. c4 e6 3. Nc3 Nf6 4. Nf3 Be7 5. g3 O-O 6. Bg2 c6 7. O-O Nbd7 8. b3
Ne4 9. Nxe4 dxe4 10. Ne5 f5 11. Nxd7 Qxd7 12. Bb2 Bf6 13. Qc2 Qc7 14. Rac1 Bd7
15. b4 Rac8 16. Qb3 Be8 17. e3 Bf7 18. Rfd1 Rfd8 19. Bf1 Qe7 20. b5 Kh8 21.
bxc6 bxc6 22. Ba3 Qc7 23. Bb4 h6 24. Qa3 Re8 25. Bd6 Qd7 26. c5 Bh5 27. Rd2 e5
28. d5 cxd5 29. Rxd5 f4 30. exf4 exf4 31. Rxh5 1-0

[Event "Stare Mesto OPEN"]
[Site "?"]
[Date "2004.08.20"]
[Round "9.18"]
[White "Jurcik, Marian"]
[Black "Kapusta, Petr"]
[Result "1-0"]
[WhiteElo "2278"]
[BlackElo "2132"]
[PlyCount "121"]
[EventDate "2004.??.??"]
[SourceDate "2004.08.20"]

1. e4 c5 2. Nf3 d6 3. d4 cxd4 4. Nxd4 Nf6 5. f3 e5 6. Nb3 d5 7. Bg5 Be6 8. Bxf6
gxf6 9. exd5 Qxd5 10. Qxd5 Bxd5 11. Nc3 Bb4 12. O-O-O Bc6 13. Nd5 Bxd5 14. Rxd5
Nc6 15. Bb5 Rd8 16. Rhd1 Rxd5 17. Rxd5 Ke7 18. a3 Bd6 19. Bxc6 bxc6 20. Rd3 f5
21. Na5 Rc8 22. Rb3 Ke6 23. Kd2 e4 24. fxe4 fxe4 25. Rh3 Bf4+ 26. Ke2 h6 27.
Rh4 Kf5 28. Nc4 Rd8 29. Ne3+ Ke5 30. Rh5+ Ke6 31. g3 Bg5 32. h4 Bxe3 33. Kxe3
Rg8 34. Kf4 f5 35. Rxf5 Rxg3 36. Rh5 Rg2 37. c4 e3 38. Rxh6+ Kd7 39. Kxe3 Rxb2
40. Kd4 Rf2 41. h5 Rf4+ 42. Kc3 Rf3+ 43. Kb4 a5+ 44. Kxa5 Rxa3+ 45. Kb6 Rh3 46.
Kc5 Rh4 47. Rd6+ Ke7 48. h6 Ke8 49. Rxc6 Kd7 50. Rg6 Ke7 51. Kb5 Kf7 52. Rb6
Rh1 53. c5 Rh5 54. Rb7+ Kg8 55. h7+ Kh8 56. Rb8+ Kxh7 57. Rf8 Kg7 58. Rf4 Rh1
59. c6 Rb1+ 60. Kc5 Rd1 61. c7 1-0

[Event "Stare Mesto OPEN"]
[Site "?"]
[Date "2004.08.20"]
[Round "9.19"]
[White "Weismann, Lukas"]
[Black "Dlugosz, Jedrzej"]
[Result "1/2-1/2"]
[WhiteElo "2172"]
[BlackElo "2270"]
[PlyCount "117"]
[EventDate "2004.??.??"]
[SourceDate "2004.08.20"]

1. e4 g6 2. d4 Bg7 3. Nc3 d6 4. Be3 a6 5. Qd2 b5 6. Bd3 Nd7 7. a4 b4 8. Nd1 a5
9. Ne2 Bb7 10. O-O Ngf6 11. f3 O-O 12. Bh6 e5 13. Bxg7 Kxg7 14. d5 c6 15. dxc6
Bxc6 16. Ne3 Nb6 17. b3 d5 18. exd5 Nfxd5 19. Ng4 Qe7 20. Qh6+ Kh8 21. f4 exf4
22. Nxf4 Nxf4 23. Qxf4 Qc5+ 24. Kh1 f5 25. Ne5 Rf6 26. Rae1 Bb7 27. Qg5 Raf8
28. Bc4 Qd4 29. Qh6 Nxc4 30. bxc4 Kg8 31. c5 Be4 32. Qf4 Qxc5 33. Rd1 Rd6 34.
Nd3 Bxd3 35. Rxd3 Rfd8 36. Rxd6 Qxd6 37. Qc4+ Qd5 38. Qc7 Re8 39. h3 Re2 40.
Qc8+ Kg7 41. Qc7+ Kh6 42. Qf4+ g5 43. Qg3 Qe5 44. Qd3 f4 45. Qa6+ Kh5 46. Qb7
Qe4 47. Qf7+ Qg6 48. Qd5 Qxc2 49. h4 Kxh4 50. Qd6 Rxg2 51. Qh6+ Kg4 52. Rxf4+
Kxf4 53. Qxg5+ Ke4 54. Qe3+ Kd5 55. Qd4+ Kc6 56. Qd6+ Kb7 57. Qb6+ Kc8 58. Qb7+
Kd8 59. Qd7+ 1/2-1/2

[Event "Stare Mesto OPEN"]
[Site "?"]
[Date "2004.08.20"]
[Round "9.20"]
[White "Grecescu, Gabriel-Andrei"]
[Black "Birkenmaier, Rainer"]
[Result "1-0"]
[WhiteElo "2264"]
[BlackElo "2131"]
[PlyCount "85"]
[EventDate "2004.??.??"]
[SourceDate "2004.08.20"]

1. e4 e6 2. d4 d5 3. Nd2 dxe4 4. Nxe4 Nf6 5. Nxf6+ gxf6 6. g3 c5 7. Nf3 Nc6 8.
c3 cxd4 9. cxd4 Bb4+ 10. Bd2 Qa5 11. Bg2 Bxd2+ 12. Nxd2 O-O 13. O-O Kh8 14. Nb3
Qb4 15. Qf3 f5 16. Rad1 Ne7 17. Qf4 Ng6 18. Qh6 Rd8 19. h4 Qf8 20. Qg5 Qe7 21.
Qe3 Qf6 22. f4 Kg7 23. Nc5 Rb8 24. h5 Ne7 25. Qe5 Qxe5 26. dxe5 Nd5 27. Bxd5
exd5 28. Nb3 Be6 29. Nd4 Kh6 30. Kf2 Rg8 31. Rg1 Rbc8 32. Ke3 a6 33. g4 Rxg4
34. Rxg4 fxg4 35. f5 Bd7 36. Kf4 f6 37. exf6 Be8 38. Rh1 g3 39. Rg1 Bxh5 40.
Rxg3 Rc1 41. Ne6 Re1 42. Re3 Rb1 43. Rh3 1-0

[Event "Stare Mesto OPEN"]
[Site "?"]
[Date "2004.08.20"]
[Round "9.21"]
[White "Vass, Frantisek"]
[Black "Knotek, Josef"]
[Result "1/2-1/2"]
[WhiteElo "2156"]
[BlackElo "2239"]
[PlyCount "45"]
[EventDate "2004.??.??"]
[SourceDate "2004.08.20"]

1. d4 Nf6 2. c4 e6 3. Nc3 Bb4 4. Bg5 h6 5. Bh4 c5 6. e3 Qa5 7. Qc1 cxd4 8. Bxf6
dxc3 9. Bxc3 Bxc3+ 10. Qxc3 Qxc3+ 11. bxc3 b6 12. Nf3 Ke7 13. Nd4 Nc6 14. Nxc6+
dxc6 15. Rd1 Ba6 16. Be2 Rad8 17. O-O Rxd1 18. Rxd1 Rd8 19. Rxd8 Kxd8 20. Kf1
Kc7 21. Ke1 Bc8 22. c5 bxc5 23. Kd2 1/2-1/2

[Event "Stare Mesto OPEN"]
[Site "?"]
[Date "2004.08.20"]
[Round "9.23"]
[White "Rubal, Adam"]
[Black "Paral, Stanislav"]
[Result "1-0"]
[WhiteElo "2227"]
[BlackElo "2120"]
[PlyCount "81"]
[EventDate "2004.??.??"]
[SourceDate "2004.08.20"]

1. d4 g6 2. c4 d5 3. cxd5 Qxd5 4. Nf3 Bg7 5. Nc3 Qa5 6. Bd2 c6 7. e3 Nd7 8. Bc4
Nh6 9. O-O Nf5 10. Ne4 Qc7 11. Qb3 O-O 12. Bxf7+ Rxf7 13. Nfg5 e6 14. Nxf7 Kxf7
15. Ng5+ Kf6 16. Qxe6+ Kxg5 17. e4+ Kh5 18. exf5 Nf6 19. Qe3 Qxh2+ 20. Kxh2
Ng4+ 21. Kg3 Nxe3 22. Rh1+ Kg5 23. Bxe3+ Kxf5 24. Rxh7 Bf6 25. Kf3 b6 26. Rah1
Ba6 27. Rc7 Bd3 28. g4+ Ke6 29. Rxc6+ Kd5 30. Rhc1 Rf8 31. Kg3 Be7 32. Bf4 g5
33. Be5 Be2 34. Rc7 Rf3+ 35. Kg2 Bb4 36. a3 Bd2 37. R1c2 Rd3 38. Rf7 Bxg4 39.
f3 Bh5 40. Rd7+ Ke6 41. Rd6+ 1-0

[Event "Stare Mesto OPEN"]
[Site "?"]
[Date "2004.08.??"]
[Round "9.24"]
[White "Svoboda, Rostislav"]
[Black "Karhanek, Pavel"]
[Result "1/2-1/2"]
[WhiteElo "2110"]
[BlackElo "2211"]
[PlyCount "154"]
[EventDate "2004.??.??"]
[SourceDate "2004.08.20"]

1. d4 d5 2. c4 c6 3. Nc3 Nf6 4. Nf3 a6 5. c5 Bg4 6. Ne5 Bh5 7. Qb3 Ra7 8. e4 e6
9. exd5 exd5 10. Bd3 Nbd7 11. Bf4 Be7 12. O-O Nxe5 13. Bxe5 O-O 14. Rfe1 Nd7
15. Bc7 Qxc7 16. Rxe7 Qd8 17. Rae1 Bg4 18. R7e3 Qf6 19. h3 Be6 20. Ne2 Qh6 21.
Bc2 Rb8 22. Ng3 g6 23. Qc3 Raa8 24. b4 Nf8 25. a4 Bd7 26. Nf1 Ne6 27. Nh2 Ng7
28. Nf3 Be6 29. Qd2 Qf4 30. Qc3 Re8 31. Ne5 Qh4 32. Bd3 f6 33. Nf3 Qf4 34. Qd2
Qc7 35. R3e2 Qf7 36. Qh6 Bf5 37. Bxf5 Nxf5 38. Qf4 Rxe2 39. Rxe2 Rd8 40. g4 Ng7
41. Kg2 g5 42. Qd2 Ne6 43. Re3 Nf4+ 44. Kf1 h5 45. Ng1 hxg4 46. hxg4 Qh7 47.
Qe1 Rf8 48. f3 Qc2 49. Ne2 Nd3 50. Qg3 Qd1+ 51. Kg2 Qd2 52. Re7 Nf4+ 53. Kf1
Nxe2 54. Rxe2 Qxd4 55. Qc7 Qxb4 56. Re7 Qb1+ 57. Kg2 Qg6 58. Qxb7 f5 59. Qxa6
fxg4 60. fxg4 Qc2+ 61. Qe2 Qxe2+ 62. Rxe2 Ra8 63. Ra2 Ra5 64. Kf3 Rxc5 65. a5
Rc3+ 66. Ke2 Rh3 67. Ra4 Kf7 68. a6 Rh8 69. Kd3 Ke6 70. a7 Ra8 71. Kd4 Kd6 72.
Ra6 Kc7 73. Kc5 Kb7 74. Rxc6 Rxa7 75. Kxd5 Ra4 76. Rc4 Rxc4 77. Kxc4 Kc6
1/2-1/2

[Event "Stare Mesto OPEN"]
[Site "?"]
[Date "2004.08.20"]
[Round "9.25"]
[White "Snyta, Zdenek"]
[Black "Medunova, Vera"]
[Result "1/2-1/2"]
[WhiteElo "2063"]
[BlackElo "2191"]
[PlyCount "109"]
[EventDate "2004.??.??"]
[SourceDate "2004.08.20"]

1. e4 c5 2. Nc3 Nc6 3. g3 g6 4. Bg2 Bg7 5. Nge2 e6 6. d3 Nge7 7. Bg5 h6 8. Be3
Nd4 9. O-O O-O 10. Qd2 Kh7 11. f4 d6 12. Nd1 Rb8 13. c3 Nxe2+ 14. Qxe2 Nc6 15.
g4 f5 16. h3 Bd7 17. Nf2 b5 18. e5 Qe7 19. d4 cxd4 20. cxd4 Rfc8 21. Nd3 Na5
22. Rac1 b4 23. Rxc8 Bxc8 24. b3 Ba6 25. Rc1 d5 26. gxf5 gxf5 27. Qd2 Bf8 28.
Nc5 Bc8 29. Qd1 Nc6 30. Qh5 Nd8 31. Kh2 Bd7 32. Bf2 Be8 33. Qd1 Rc8 34. Qe1 a5
35. Bh4 Qf7 36. Bf3 Nc6 37. Bf2 Na7 38. Nd3 Rxc1 39. Qxc1 Bb5 40. Nc5 Be8 41.
a4 Nc6 42. Be2 Na7 43. Na6 Bc6 44. Qd1 Be8 45. Qd3 Nc6 46. Nc5 Nb8 47. Qd1 Nc6
48. Bb5 Nb8 49. Bd3 Nc6 50. Qc2 Na7 51. Na6 Kg7 52. Qc7 Qxc7 53. Nxc7 Bd7 54.
Be2 Be7 55. Na6 1/2-1/2

[Event "Stare Mesto OPEN"]
[Site "?"]
[Date "2004.08.20"]
[Round "9.26"]
[White "Tsifanskaja, Ludmila"]
[Black "Krizek, Frantisek"]
[Result "1/2-1/2"]
[WhiteElo "2216"]
[BlackElo "2083"]
[PlyCount "103"]
[EventDate "2004.??.??"]
[SourceDate "2004.08.20"]

1. e4 c6 2. d3 e5 3. Nf3 d6 4. g3 Nf6 5. Bg2 Be7 6. O-O O-O 7. Re1 Re8 8. Nbd2
Nbd7 9. a4 Bf8 10. Nc4 Qc7 11. Ne3 g6 12. h3 Bg7 13. Nh2 Nf8 14. Neg4 Nxg4 15.
hxg4 f5 16. gxf5 gxf5 17. exf5 Bxf5 18. Ng4 Bxg4 19. Qxg4 Qd7 20. Qxd7 Nxd7 21.
a5 Rac8 22. Bh3 Rc7 23. Ra4 Nf6 24. Rh4 Nd5 25. Bf5 Bf8 26. Kg2 Rf7 27. Be4 Nf6
28. Bf3 Rg7 29. a6 d5 30. axb7 Rxb7 31. c4 e4 32. dxe4 dxe4 33. Bxe4 Rbe7 34.
f3 Nxe4 35. Rhxe4 Rxe4 36. Rxe4 Rxe4 37. fxe4 Kf7 38. Be3 Bg7 39. b3 a6 40. Kf3
h5 41. Bc5 Ke6 42. Bg1 Be5 43. Be3 Bg7 44. Bf4 Bb2 45. Ke2 Bc3 46. Kd3 Be1 47.
c5 Bb4 48. Bd6 Be1 49. Ke3 Bb4 50. Kf3 Bc3 51. g4 hxg4+ 52. Kxg4 1/2-1/2

[Event "Stare Mesto OPEN"]
[Site "?"]
[Date "2004.08.20"]
[Round "9.27"]
[White "Kolesar, Michal"]
[Black "Valenta, Vit"]
[Result "0-1"]
[WhiteElo "2185"]
[BlackElo "2182"]
[PlyCount "62"]
[EventDate "2004.??.??"]
[SourceDate "2004.08.20"]

1. d4 Nf6 2. c4 d6 3. Nc3 Nbd7 4. e4 e5 5. Nf3 exd4 6. Nxd4 g6 7. Be2 Bg7 8.
O-O O-O 9. Be3 Re8 10. f3 Nh5 11. Qd2 Nc5 12. Rad1 Ne6 13. Rfe1 Bd7 14. Nxe6
Bxe6 15. c5 dxc5 16. Bxc5 Qxd2 17. Rxd2 Bh6 18. Rdd1 b6 19. Bf2 c6 20. g3 Rad8
21. e5 Bd2 22. g4 Bxe1 23. Rxe1 Nf4 24. Ne4 Nxe2+ 25. Rxe2 Rd1+ 26. Be1 Bc4 27.
Nf6+ Kf8 28. Re3 Red8 29. b3 R8d3 30. Rxd3 Bxd3 31. Kf2 h6 0-1

[Event "Stare Mesto OPEN"]
[Site "?"]
[Date "2004.08.20"]
[Round "9.28"]
[White "Blaha, Petr"]
[Black "Stamoudis, Chrysafis"]
[Result "1/2-1/2"]
[WhiteElo "2162"]
[BlackElo "2075"]
[PlyCount "184"]
[EventDate "2004.??.??"]
[SourceDate "2004.08.20"]

1. d4 d5 2. Nf3 c6 3. Bf4 f5 4. e3 e6 5. c3 Nf6 6. Nbd2 Be7 7. Ne5 O-O 8. Be2
Nbd7 9. O-O Nxe5 10. Bxe5 Bd7 11. c4 Be8 12. Qb3 b6 13. cxd5 cxd5 14. Rac1 Bd6
15. f4 Rf7 16. Rc3 Rc7 17. Rfc1 Rac8 18. Ba6 Rxc3 19. Rxc3 Rxc3 20. Qxc3 Ng4
21. Qc8 Qxc8 22. Bxc8 Bxe5 23. Bxe6+ Bf7 24. Bxf7+ Kxf7 25. dxe5 Nxe3 26. Nf3
Nd1 27. Nd4 g6 28. b3 a5 29. a4 Nb2 30. Kf2 Nd3+ 31. Ke3 Nb4 32. h4 h5 33. Kd2
Ke7 34. Nc2 Nc6 35. Kc3 Kd7 36. b4 Kc7 37. b5 Nd8 38. Ne3 d4+ 39. Kxd4 Ne6+ 40.
Kc4 Nxf4 41. Nd5+ Nxd5 42. Kxd5 Kd7 43. e6+ Ke7 44. Kc6 g5 45. hxg5 h4 46. Kxb6
h3 47. gxh3 f4 48. Kxa5 f3 49. b6 f2 50. b7 f1=Q 51. b8=Q Qf5+ 52. Qb5 Qxe6 53.
h4 Qc8 54. Qe5+ Kf7 55. Kb6 Qg4 56. Qd5+ Kf8 57. Qd6+ Kg8 58. a5 Qg1+ 59. Kc6
Qc1+ 60. Kd7 Qb1 61. a6 Qh7+ 62. Kd8 Qa7 63. Qe6+ Kh8 64. Ke8 Qb8+ 65. Kf7 Qc7+
66. Kg6 Qg7+ 67. Kf5 Qg6+ 68. Ke5 Qd3 69. Qc8+ Kg7 70. Qb7+ Kh8 71. a7 Qg3+ 72.
Kf5 Qd3+ 73. Qe4 Qd7+ 74. Qe6 Qxa7 75. Qe5+ Kg8 76. h5 Qf2+ 77. Qf4 Qc5+ 78.
Ke6 Qc6+ 79. Ke7 Qb7+ 80. Kd8 Qa8+ 81. Kc7 Qa7+ 82. Kc6 Qa6+ 83. Kc5 Qa5+ 84.
Kd6 Qb6+ 85. Ke5 Qb8+ 86. Ke4 Qb4+ 87. Ke5 Qc5+ 88. Ke6 Qc8+ 89. Ke7 Qb7+ 90.
Kd8 Qa8+ 91. Kc7 Qa7+ 92. Kd8 Qa8+ 1/2-1/2